| 000 | 01339nam0a2200373 4500 | ||
|---|---|---|---|
| 001 | RU\NLR\bibl\133226 | ||
| 005 | 20250618042132.0 | ||
| 010 |
_a5-222-00995-5 _910000 |
||
| 021 |
_aRU _b2000-36228 _91676 |
||
| 035 | _a(NLR Aleph) 000130497 | ||
| 090 |
_a745161 _c745161 |
||
| 100 | _a20001204d2000 |||y0rusy50 ca | ||
| 101 | 0 | _arus | |
| 102 | _aRU | ||
| 105 | _aa ||||||||| | ||
| 200 | 1 |
_aПельмени и вареники _eСб. кулинар. рецептов _fЛ.А. Лагутина, С.В. Лагутина |
|
| 210 |
_aРостов н/Д _cФеникс _d2000 |
||
| 215 |
_a222 с. _cил. _d20 |
||
| 225 | 1 | _aДомашняя энциклопедия | |
| 606 | 0 |
_aПельмени _xРецептура _92080076 _3RU\NLR\auth\661255987 |
|
| 606 | 0 |
_aВареники _xРецептура _92079380 _3RU\NLR\auth\661255261 |
|
| 610 | 0 | _aПельмени - Рецептура | |
| 675 |
_a641.55:664.683.6(083.12) _v3 _zrus |
||
| 686 |
_a36.991 _2rubbk |
||
| 686 | _aЛ924.7 | ||
| 700 | 1 |
_aЛагутина _gЛидия Анатольевна _4070 |
|
| 701 | 1 |
_aЛагутина _gСветлана Владимировна _4070 |
|
| 801 | 0 |
_aRU _bRKP _c20001204 _gPSBO |
|
| 801 | 1 |
_aRU _bRKP _c20001204 |
|
| 801 | 2 |
_aRU _bNLR _c20010224 _grcr |
|
| 852 |
_aNLR _j2001-3/806 |
||
| 942 | _cBOOK | ||
| 980 | _aNB | ||